000 004270000a22001690004500
003 LK-CoMWRAF
008 230817t ||||| |||| 00| 0 eng d
040 _aLK-CoMWRAF
_dLK-CoMWRAF
_eLK-CoMWRAF
041 _aeng
082 _a430
_bKAL
100 _aThaneja,Nalini
245 _aKalvi,Kalvi Niruvanangalin Meethaana Thaakkuthal
_b
260 _aChennai
_bSOUTH VISION
_c2000
300 _ap.48
650 _aTamil
942 _cBK
999 _c527
_d527